Исследование современных проблем общества в контексте социальной работы: сборник научных статей студентов и преподавателей. Вып. 5
В сборнике опубликованы материалы Всероссийской студенческой научно-практической конференции «Социальные чтения: достижения, проблемы и перспективы социальных наук» (20.04.2017г.) и Молодёжной научно-практической конференции с международным участием «Молодёжь как социально-экологический ресурс общес...
Gespeichert in:
| Format: | Книга |
|---|---|
| Sprache: | Russian |
| Veröffentlicht: |
Архангельск
САФУ
2017
|
| Online Zugang: | https://e.lanbook.com/book/161736 https://e.lanbook.com/img/cover/book/161736.jpg |
| Tags: |
Tag hinzufügen
Keine Tags, Fügen Sie den ersten Tag hinzu!
|
| LEADER | 02134nam0a2200253 i 4500 | ||
|---|---|---|---|
| 001 | 161736 | ||
| 003 | RuSpLAN | ||
| 005 | 20221220174114.0 | ||
| 008 | 221220s2017 ru gs 000 0 rus | ||
| 020 | |a 978-5-906972-38-5 | ||
| 040 | |a RuSpLAN | ||
| 041 | 0 | |a rus | |
| 044 | |a ru | ||
| 080 | |a 364-78(045) | ||
| 084 | |a 60.524.125я43+60.99я43 |2 rubbk | ||
| 245 | 0 | 0 | |a Исследование современных проблем общества в контексте социальной работы: сборник научных статей студентов и преподавателей. Вып. 5 |
| 260 | |a Архангельск |b САФУ |c 2017 | ||
| 300 | |a 269 с. | ||
| 504 | |a Библиогр.: доступна в карточке книги, на сайте ЭБС Лань | ||
| 520 | 8 | |a В сборнике опубликованы материалы Всероссийской студенческой научно-практической конференции «Социальные чтения: достижения, проблемы и перспективы социальных наук» (20.04.2017г.) и Молодёжной научно-практической конференции с международным участием «Молодёжь как социально-экологический ресурс общества риска» (18.05.2017г.). Конференции были организованы кафедрой социальной работы и социальной безопасности С(А)ФУ им. Ломоносова. Материалы сборника могут представлять интерес для студентов, магистрантов, преподавателей вузов и специалистов, работающих в социальной сфере. | |
| 521 | 8 | |a Книга из коллекции САФУ - Социально-гуманитарные науки | |
| 856 | 4 | |u https://e.lanbook.com/book/161736 | |
| 856 | 4 | 8 | |u https://e.lanbook.com/img/cover/book/161736.jpg |
| 953 | |a https://e.lanbook.com/img/cover/book/161736.jpg | ||